Loreto College Library, Kolkata
WEBOPAC (ONLINE PUBLIC ACCESS CATALOGUE)

Renaissance self-fashioning (Record no. 6842)

MARC details
000 -LEADER
fixed length control field 00677nam a2200205Ia 4500
008 - FIXED-LENGTH DATA ELEMENTS--GENERAL INFORMATION
fixed length control field 131103s9999 xx 000 0 und d
020 ## - ISBN | অাই এস বি এন
ISBN | অাই এস বি এন 226306542
040 ## - CATALOGING SOURCE
Original cataloging agency Loreto College
041 ## - LANGUAGE CODE
Language code English
082 ## - DDC | ডিউই
Classification number | বর্গসংখ্যা 820.9/GRE
Book Number | গ্রন্থাঙ্ক LCLIB/41066
100 ## - MAIN ENTRY--PERSONAL NAME | মুখ্য সংলেখ - ব্যাক্তিনাম
Personal name | ব্যাক্তিনাম Greenblatt, Stephen
245 ## - TITLE STATEMENT | অাখ্যা বিবরণী
Title | অাখ্যা Renaissance self-fashioning
Sub title | উপঅাখ্যা from More to Shakespeare
Statement of responsibility | লেখকের দায়িত্বের বিবরণ Stephen Greenblatt
260 ## - IMPRINT | প্রকাশনা ক্ষেত্র
Place of publication | প্রকাশ স্থান Chicago
Name of publisher | প্রকাশকের নাম University of Chicago Press
Date of publication | প্রকাশ কাল 1984
300 ## - PHYSICAL DESCRIPTION |
Page / Vol. No | পৃষ্ঠা / খন্ড সংখ্যা [9],319 p.
504 ## - BIBLIOGRAPHY, ETC. NOTE
Bibliography, etc Includes bibliographical references and index
650 ## - SUBJECT ADDED ENTRY--TOPICAL TERM | বিষয় শিরোনাম - মূল বিষয়
Topical term | মূল বিষয় English Literature - History and Criticism
651 ## - SUBJECT ADDED ENTRY--GEOGRAPHIC NAME | বিষয় শিরোনাম - ভৌগলিক নাম
Geographic name | ভৌগলিক বিষয় Early Modern, 1500-1700 - Renaissance
850 ## - HOLDING INSTITUTION
Holding institution LCLIB/820.9/GRE
942 ## - ADDED ENTRY ELEMENTS (KOHA)
Koha item type Books
Holdings
Withdrawn status Lost status Source of classification Damaged status Not for loan Home library Current library Shelving location Date acquired Total Checkouts Total Renewals Full call number Accession No. Date last seen Date checked out Price effective from Koha item type
    Dewey Decimal Classification     Loreto College Loreto College Post Graduate 04/11/2013 1 2 820.9/GRE LCLIB/41066 B6712 13/11/2013 12/11/2013 04/11/2013 Books